000 00182 a2200085 4500
020 _a9780545698320
100 _aRemkiewicz, Frank
245 _aGus, la estrella de navidad
942 _cBK
999 _c12538
_d12538